000 00354 a2200157 4500
001 45909
020 _a8598457175
040 _cAnchieta - Aquarius
100 _aIacocca, Liliana
240 1 0 _a=Chiquinho, quinta-feira
_lpor
245 1 0 _a=Chiquinho, quinta-feira
300 _a101
362 0 _a2004
650 4 _aLiteratura brasileira
942 _cBK
999 _c45909
_d45909